Učebnice evropské integrace /

Main Author: Lacina, Lubor, 1969-
Other Authors: Strejček, Petr, 1967-, Blížkovský, Petr, 1963-
Language: Czech
Published: Brno : Barrister & Principal, 2016
Edition: 4. přepracované a aktualizované vydání
Subjects:
Physical Description: 359 stran : ilustrace, mapy, portréty ; 23 cm
Book
Saved in:
LEADER 02037nam a2200481 i 4500
001 nkc20162850473
003 CZ PrNK
005 20190430130712.0
007 ta
008 161124s2016 xr abc e p 000 0 cze
015 |a cnb002850473 
020 |a 978-80-7485-104-9  |q (brožováno) :  |c Kč 375,00 
035 |a (OCoLC)965748268 
040 |a ABA001  |b cze  |e rda 
043 |a e------ 
072 7 |a 339.7/.9  |x Světová ekonomika a mezinárodní finance  |2 Konspekt  |9 4 
072 7 |a 37.016  |x Učební osnovy. Vyučovací předměty. Učebnice  |2 Konspekt  |9 22 
080 |a [339.923+327](4)  |2 MRF 
080 |a (075)  |2 MRF 
100 1 |a Lacina, Lubor,  |d 1969-  |7 xx0000403  |4 aut 
245 1 0 |a Učebnice evropské integrace /  |c Lubor Lacina, Petr Strejček, Petr Blížkovský 
250 |a 4. přepracované a aktualizované vydání 
264 1 |a Brno :  |b Barrister & Principal,  |c 2016 
300 |a 359 stran :  |b ilustrace, mapy, portréty ;  |c 23 cm 
336 |a text  |b txt  |2 rdacontent 
337 |a bez média  |b n  |2 rdamedia 
338 |a svazek  |b nc  |2 rdacarrier 
504 |a Obsahuje bibliografie a bibliografické odkazy 
610 2 7 |a Evropská unie  |7 kn20010711086  |2 czenas 
650 0 7 |a evropská integrace  |7 ph137464  |2 czenas 
650 0 9 |a European integration  |2 eczenas 
655 7 |a učebnice  |7 fd133770  |2 czenas 
655 9 |a textbooks  |2 eczenas 
700 1 |a Strejček, Petr,  |d 1967-  |7 jx20090303030  |4 aut 
700 1 |a Blížkovský, Petr,  |d 1963-  |7 ola2014807383  |4 aut 
910 2 |a BOA001  |b 2-1374.944 
990 |a BK 
995 |a 01 
991 |b 201611  |c NOV 
996 6 |b 2610688671  |c 2-1374.944  |l MZK  |r Sklad / do 1 hodiny  |n 7  |p p.v.  |w 001588764  |u 000010  |a 1  |e BOA001  |j MZK50  |s P 
996 7 |b 2610688672  |c 2-1374.944  |l Vol.výběr  |r VV 0p  |n 2  |p p.v.  |h 339.7/.9 LAC  |w 001588764  |u 000020  |a 0  |e BOA001  |j MZK50  |s A 
996 7 |b 2610691306  |c 2-1374.944  |l Vol.výběr  |r VV 0p  |n 27  |p kup  |h 339.7/.9 LAC  |w 001588764  |u 000030  |a 0  |e BOA001  |j MZK50  |s A 
996 7 |b 2610780229  |c 2-1374.944  |l Vol.výběr  |r VV 0p  |n 20  |p kup  |h 339.7/.9 LAC  |w 001588764  |u 000040  |a 0  |e BOA001  |j MZK50  |s A